• 首页
  • 本馆介绍
  • 公告通知
  • 最新文献
  • 馆藏检索
  • 电子资源
  • 读者导购
  • 参考咨询
  • 我的图书馆
  • 登录
  • 详细信息显示
  • 放入我的书架
  • 预约/预借图书
  • 作者相关作品
  • 分类相关作品
  • 丛书相关作品
  • 出版社相关作品

书目信息

  • 表格格式
  • 工作单格式
  • 卡片格式
题名:
道教音乐
    
 
作者: 史新民 编著
分册:  
出版信息: 北京   人民音乐出版社  2005
页数: 383页
开本: 21cm
丛书名: 20世纪中国音乐史论研究文献综录
单 册:
中图分类: J608
科图分类:
主题词: 道教--宗教音乐--音乐史--研究--中国 , 宗教音乐 , 音乐史 , 道教
电子资源:
ISBN: 7-103-02848-6
000 00863oam2 2200277 450
001 003041070
005 20070806175402.78
010    @a7-103-02848-6@dCNY23.00
100    @a20050919d2005 em y0chiy0110 ea
101 0  @achi
102    @aCN@b110000
105    @aa z 000yy
200 1  @a道教音乐@9dao jiao yin yue@f史新民编著
210    @a北京@c人民音乐出版社@d2005
215    @a383页@d21cm
225 2  @a20世纪中国音乐史论研究文献综录@i宗教音乐卷
330    @a本书论述道教音乐的历史沿革、道教音乐研究的几个特点、道教音乐的现今概貌、道教音乐的研究趋向等。
462  0 @12001 @a20世纪中国音乐史论研究文献综录@i宗教音乐卷
606 0  @a道教@x宗教音乐@x音乐史@x研究@y中国
606 0  @a宗教音乐
606 0  @a音乐史
606 0  @a道教
690    @aJ608@v4
701  0 @a史新民@9shi xin min@4编著
801  0 @aCN@bNLC@c20070806
905    @a10447@dJ608@e527
    
    道教音乐/史新民编著.-北京:人民音乐出版社,2005
    383页;21cm.-(20世纪中国音乐史论研究文献综录.宗教音乐卷)
    
    
    ISBN 7-103-02848-6:CNY23.00
    本书论述道教音乐的历史沿革、道教音乐研究的几个特点、道教音乐的现今概貌、道教音乐的研究趋向等。
●
相关链接 在E读中查询图书 在五车中查询图书 在当当中查询图书 在豆瓣中查询图书


正题名:道教音乐     索取号:J608/527         预约/预借

序号 登录号 条形码 馆藏地/架位号 状态 备注
1 0804876   208048762   第一样本阅览室/ [索取号:J608/527] 在馆    
2 0804877   208048771   第一借阅区/ [索取号:J608/527] 在馆    
3 0804878   208048780   第一借阅区/ [索取号:J608/527] 在馆    
4 0804879   208048799   第一借阅区/ [索取号:J608/527] 在馆    
5 0804880   208048806   密集书库-音乐系/ [索取号:J608/527] 在馆    
唐山师范学院图书馆 欢迎您!
大连网信软件有限公司© 版权所有